UBT Library

Intro stats / (Record no. 42010)

000 -LEADER
fixed length control field 00740cam a2200229 a 4500
001 - CONTROL NUMBER
control field 17282001
005 - DATE AND TIME OF LATEST TRANSACTION
control field 20180207065852.0
008 - FIXED-LENGTH DATA ELEMENTS--GENERAL INFORMATION
fixed length control field 120502s2014 maua 001 0 eng
010 ## - LIBRARY OF CONGRESS CONTROL NUMBER
LC control number 2012012979
020 ## - INTERNATIONAL STANDARD BOOK NUMBER
International Standard Book Number 9780321825278
040 ## - CATALOGING SOURCE
Original cataloging agency DLC
Transcribing agency DLC
Modifying agency DLC
041 ## - LANGUAGE CODE
Language code of text/sound track or separate title eng
042 ## - AUTHENTICATION CODE
Authentication code pcc
080 ## - UNIVERSAL DECIMAL CLASSIFICATION NUMBER
Universal Decimal Classification number 519.5 VEA
082 00 - DEWEY DECIMAL CLASSIFICATION NUMBER
Classification number 519.5 VEA
Edition number 23
100 1# - Rafti
Rafti 55
101 ## - Shkurtesa
Shkurtesa STA
245 10 - TITLE STATEMENT
Title Intro stats /
Statement of responsibility, etc Richard De Veaux, Paul Velleman, David Bock.
906 ## - LOCAL DATA ELEMENT F, LDF (RLIN)
a 7
b cbc
c orignew
d 1
e ecip
f 20
g y-gencatlg
942 ## - ADDED ENTRY ELEMENTS (KOHA)
Source of classification or shelving scheme
Item type Books
Holdings
Withdrawn status Lost status Source of classification or shelving scheme Damaged status Not for loan Collection code Permanent location Current location Shelving location Date acquired Total Checkouts Full call number Barcode Date last seen Price effective from Koha item type
          Koleksioni i përgjithshem UBT - Lipjan UBT - Lipjan Koleksioni i përgjithshem 02/07/2018   519.5 VEA 002-2999035 02/07/2018 02/07/2018 Books
          Koleksioni i përgjithshem UBT - Lipjan UBT - Lipjan   12/09/2022   519.5 VEA 002-8000287002601052 12/09/2022 12/09/2022 Books
          Koleksioni i përgjithshem UBT - Lipjan UBT - Lipjan   02/08/2023   519.5 VEA 003-278 02/08/2023 02/08/2023 Books
UBT Library © 2015-2024. All rights reserved University Education for Business and Technology